| 000 | 00386cam a2200157ua 4500 | ||
|---|---|---|---|
| 041 |
_aeng _h |
||
| 082 |
_a519.062 _bNEI/AD |
||
| 100 | _aO Neil, Peter V. | ||
| 245 |
_aAdvanced engineering mathematics / _cPeter V O`Neil. _hTextual Documents |
||
| 250 |
_a5 / _b. |
||
| 260 |
_aAustralia : _bThomson , _c2003. |
||
| 300 | _a ; . | ||
| 504 | _a | ||
| 942 | _cBK | ||
| 999 |
_c13335 _d13335 |
||